IMPORTANCIA DE LA PARTICIPACIÓN DEL TRABAJADOR SOCIAL EN EL PROGRAMA DE PREVENCIÓN DE LA ENFERMEDAD DE TRASMISIÓN SEXUAL, (SIDA), EN LA CABECERA MUNICIPAL DE JALAPA/. (Registro nro. 2739)

Detalles MARC
000 -LEADER
campo de control de longitud fija 01450nam a22003137a 4500
001 - NÚMERO DE CONTROL
campo de control TTS 0015
003 - IDENTIFICADOR DE NÚMERO DE CONTROL
campo de control gtcocun
005 - FECHA Y HORA DE LA ÚLTIMA TRANSACCIÓN
campo de control 20260323191331.0
006 - CÓDIGOS DE INFORMACIÓN DE LONGITUD FIJA--CARACTERÍSTICAS DEL MATERIAL ADICIONAL
campo de control de longitud fija a||||gr|||| 00| 0
007 - CAMPO FIJO DE DESCRIPCIÓN FÍSICA--INFORMACIÓN GENERAL
campo de control de longitud fija ta
008 - DATOS DE LONGITUD FIJA--INFORMACIÓN GENERAL
campo de control de longitud fija 260323b2005 gt ||||| m||| 00| 0 eng d
040 ## - FUENTE DE CATALOGACIÓN
Centro catalogador/agencia de origen gtcocun
Lengua de catalogación SPA
Centro/agencia transcriptor gtcocun
Normas de descripción RDA
041 ## - CÓDIGO DE IDIOMA
Código de lengua del texto/banda sonora o título independiente SPA TTS 0015
084 ## - OTRO NÚMERO DE CLASIFICACIÓN
Número de control del registro de autoridad o número normalizado TTS 0015
100 ## - ENTRADA PRINCIPAL--NOMBRE DE PERSONA
Nombre de persona Duarte Polanco, Ciria Elisabeth
Término indicativo de función/relación Autor
245 ## - MENCIÓN DEL TÍTULO
Título IMPORTANCIA DE LA PARTICIPACIÓN DEL TRABAJADOR SOCIAL EN EL PROGRAMA DE PREVENCIÓN DE LA ENFERMEDAD DE TRASMISIÓN SEXUAL, (SIDA), EN LA CABECERA MUNICIPAL DE JALAPA/.
Mención de responsabilidad, etc. Ciria Elisabeth Duarte Polanco.
Medio Impreso
264 ## - PRODUCCIÓN, PUBLICACIÓN, DISTRIBUCIÓN, FABRICACIÓN Y COPYRIGHT
Producción, publicación, distribución, fabricación y copyright Cobán, Alta Verapaz:
Nombre del de productor, editor, distribuidor, fabricante Universidad de San Carlos de Guatemala, Centro Universitario del Norte, Carrera de Trabajo Social
Fecha de producción, publicación, distribución, fabricación o copyright 2005
300 ## - DESCRIPCIÓN FÍSICA
Extensión 98 p.:
Otras características físicas Ilustraciones, gráficas.
Dimensiones 28 cm;
336 ## - TIPO DE CONTENIDO
Fuente rdacontenido
Término de tipo de contenido Texto
Código de tipo de contenido txt
337 ## - TIPO DE MEDIO
Fuente rdamedio
Nombre/término del tipo de medio Computadora
Código del tipo de medio n
338 ## - TIPO DE SOPORTE
Fuente rdasoporte
Nombre/término del tipo de soporte Código en línea
Código del tipo de soporte cr
502 ## - NOTA DE TESIS
Nota de tesis Tesis de grado
Tipo de título Carrera de Trabajo Social,
Nombre de la institución que otorga el título Universidad de San Carlos de Guatemala, Centro Universitario del Norte, Carrera de Trabajo Social
Año de obtención del título 2005
Identificador de la tesis TTS 0015
identificador de la tesis TTS 0015
520 14 - RESUMEN, ETC.
Sumario, etc. La estudiante no realizó el resumen.
650 14 - PUNTO DE ACCESO ADICIONAL DE MATERIA--TÉRMINO DE MATERIA
Fuente del encabezamiento o término LEMB
Término de materia o nombre geográfico como elemento de entrada Jalapa, Jalapa
Subdivisión general Trabajo Social
700 ## - ENTRADA AGREGADA--NOMBRE PERSONAL
Nombre de persona Licda. Hilda Guissela Ortiz Cruz
Término indicativo de función/relación Asesor
856 ## - LOCALIZACIÓN Y ACCESO ELECTRÓNICOS
Identificador Uniforme de Recurso <a href="Sin archivo en linea">Sin archivo en linea</a>
Nota pública Sin archivo en linea
942 ## - ELEMENTOS DE ENTRADA SECUNDARIOS (KOHA)
Fuente de la clasificación o esquema de estantería Clasificación Decimal Dewey
Tipo de ítem Koha TESIS
Parte de la signatura que identifica el ejemplar (Parte del ítem) TTS 0015
Prefijo de la signatura Clasificación
Suprimir en OPAC No
-- TTS_0015_000000000000000
Existencias
Estatus retirado Estado de pérdida Fuente de la clasificación o esquema de estantería Estado de daño No para préstamo Colección Biblioteca de origen Biblioteca actual Ubicación en estantería Fecha de adquisición Número de inventario Total de préstamos Signatura topográfica completa Código de barras Visto por última vez Precio de reemplazo Tipo de ítem Koha
    Clasificación Decimal Dewey     tesis BIBLIOTECA- CUNOR -JOSÉ LUIS GONZALES ROSALES BIBLIOTECA- CUNOR -JOSÉ LUIS GONZALES ROSALES Colección tesis 23/03/2026 TTS 0015   TTS 0015 TTS 0015 23/03/2026 23/03/2026 TESIS